000 00672cab a2200217 4500
001 WB3418-25
008 090401t1998 xxu||||| |||| 00| 0 eng d
035 _a(Sirsi) u86145
041 _aeng
245 _aLondon`s up and down market
260 _c1998
350 _a0
490 _aDaily Telegraph
_v9 May 1998, 16(2)
520 _aHighlights the variations in house prices across London and predicts the areas that will continue to boom over the next few years.
650 _aHOUSE PRICE STATISTICS
650 _aHOUSE PRICES
650 _aLONDON
690 _aPROPERTY-RESIDENTIAL PROPERTY-RESIDENTIAL PROPERTY MARKET
942 _n0
948 _c12/05/1998
999 _c54193
_d54193